Sveitsin kaupunkeja kartalla - Statistics

Yleistilastot
  • Tätä visaa on pelattu 10 kertaa
  • Keskiarvotulos 7 / 18
Vastaukset kartalla
Vastauksille on annettu kartalla punavihreä väri sen mukaan, kuinka moni on saanut sen oikein.
 
Vastaustilastot
Vastaus % Oikein
Basel
75%
Biel
75%
Fribourg
50%
Geneve
50%
Lausanne
50%
Lugano
50%
Neuchâtel
50%
Zürich
50%
Aarau
25%
Bern
25%
Chur
25%
Glarus
25%
Luzern
25%
Schaffhausen
25%
Sion/Sitten
25%
St. Gallen
25%
St. Moritz
25%
Thun
0%
Ehtoja vastaavia visoja ei löytynyt
Tulosjakauma
Jokaisen tuloksen saaneiden osuus
Persentiili vastausten määrän mukaan
Tuloshistoriasi
Et ole pelannut tätä visaa